000 01311cam a2200313 i 4500
001 42438
003 Mx-PuUPA
005 20241121140035.0
008 140415s1997 mx a gr 000 0 spa d
040 _aMx-PuUPA
_cMx-PuUPA
_bspa
_dMx-PuUPA
_erda
041 0 _aspa
100 1 _aMora Ojeda, Manuel de la,
_916482
_eautor
245 1 3 _aLa Virgen de Guadalupe :
_bnuestra madre, su origen sobrenatural /
_cManuel De la Mora Ojeda y Luis M. Calderón Ojeda
264 1 _aMéxico, D. F. :
_b[Editor no identificado],
_c1997
300 _a28 páginas :
_bilustraciones (en blanco y negro) ;
_c28 cm
336 _2rdacontent
_atexto
_btxt
337 _2rdamedia
_asin medio
_bn
338 _2rdacarrier
_avolumen
_bnc
505 0 _a"Las apariciones : un hechoh histórico ; La imágen : un mensaje pictográfico ; El acontecimiento : un Evangelio ; Presencia de la Virgen María en la imagen ; Descubrimientos científicos". --
600 0 4 _aNuestra Señora de Guadalupe
_xApariciones y milagros
600 0 4 _aVirgen de Guadalupe
_xHistoria
600 0 4 _aVirgen María
_xCulto
650 7 _2armarc
_aAcontecimiento Guadalupano
_xEvangelio
700 1 _aCalderón Ojeda, Luis M.,
_eautor
942 _2ddc
_cLI
_h232.917
_iV83
999 _c42438
_d42438